000 01146cam a22002174a 4500
005 20250605164217.0
008 250528s ||||||||||||||||||||||||d
035 _a20514
020 _a6625969
040 _aGR-AtMCL
_bgre
_dGR-AtMCL
_eAACR2
245 1 _aAn Alaskan Reader / 1867-1967
250 _a1st
260 _bMeredith Press,
_c1966
300 _a444
505 0 _aIntroduction, The Discovery of Alaska, A Story of Russian America, The Americas Take Over, Gold Rush Tales, The Rush to Nome, Alaskan Justice, Laying the Line, The Erruption of Katmai, Bush Pilots, Alaska's Eskimo People, The Challenge of the Mountains, Hunting for Game, The struggle for Statehood, Contemporary Alaskan Poetry.
520 _aIntroduction, The Discovery of Alaska, A Story of Russian America, The Americas Take Over, Gold Rush Tales, The Rush to Nome, Alaskan Justice, Laying the Line, The Erruption of Katmai, Bush Pilots, Alaska's Eskimo People, The Challenge of the Mountains, Hunting for Game, The struggle for Statehood, Contemporary Alaskan Poetry.
700 1 _aGruening Ernest
_96504
942 _cBK
999 _c5614
_d5614